
Library Catalogue

| 000 -LEADER | |
|---|---|
| fixed length control field | 01473nam a2200229Ia 4500 |
| 003 - CONTROL NUMBER IDENTIFIER | |
| control field | OSt |
| 005 - DATE AND TIME OF LATEST TRANSACTION | |
| control field | 20211202152042.0 |
| 008 - FIXED-LENGTH DATA ELEMENTS--GENERAL INFORMATION | |
| fixed length control field | 160316s2011 xxu||||| |||| 00| 0 eng d |
| 020 ## - INTERNATIONAL STANDARD BOOK NUMBER | |
| International Standard Book Number | 978-0-19-807205-8 |
| 040 ## - CATALOGING SOURCE | |
| Transcribing agency | NLS |
| 082 ## - DEWEY DECIMAL CLASSIFICATION NUMBER | |
| Classification number | 338.9 MID |
| 100 ## - MAIN ENTRY--PERSONAL NAME | |
| Personal name | |
| 245 ## - TITLE STATEMENT | |
| Title | Mid-term appraisal eleventh five year plan 2007 - 2012 |
| 260 ## - PUBLICATION, DISTRIBUTION, ETC. | |
| Place of publication, distribution, etc. | New Delhi |
| Name of publisher, distributor, etc. | Govt. of India, Planning Commission |
| Date of publication, distribution, etc. | 2011 |
| 300 ## - PHYSICAL DESCRIPTION | |
| Extent | 473p |
| Dimensions | xv |
| 365 ## - TRADE PRICE | |
| Price amount | Rs. 895 |
| 505 ## - FORMATTED CONTENTS NOTE | |
| Formatted contents note | CONTENTS<br/>Part I- Macro Issues;<br/>Chapter 1-An Overview;<br/>Chapter 2-Macroeconomic Framework;<br/>Chapter 3-Governance;<br/>Chapter 4-Agriculture;<br/>Chapter 5-Industry;<br/><br/>Part II Social Sector;<br/>Chapter 6-Education;<br/>Chapter 7-Health;<br/>Chapter 8-Social Justice;<br/>Chapter 9-Employment and Skill Development;<br/>Chapter 10-Handloom and Handicrafts;<br/>Chapter 11-Women’s Agency and Child Rights;<br/>Chapter 12-Rural Development;<br/>Chapter 13-Special Area Programmes;<br/><br/>Part III Infrastructure;<br/>Chapter 14-Investment in Infrastructure;<br/>Chapter 15-Energy;<br/>Chapter 16-Transport;<br/>Chapter 17-Telecommunications;<br/>Chapter 18-Urban Development;<br/><br/>Part IV Science and Environment;<br/>Chapter 19-Science and Technology;<br/>Chapter 20-Innovation;<br/>Chapter 21-Water Resources;<br/>Chapter 22-Environment and Forest. |
| 650 ## - SUBJECT ADDED ENTRY--TOPICAL TERM | |
| Topical term or geographic name entry element | 1.Economic Development - Eleventh Five Year Plan |
| 700 ## - ADDED ENTRY--PERSONAL NAME | |
| Personal name | |
| -- | |
| 856 ## - ELECTRONIC LOCATION AND ACCESS | |
| Uniform Resource Identifier | <a href="https://niti.gov.in/planningcommission.gov.in/docs/plans/mta/11th_mta/chapterwise/Comp_mta11th.pdf">https://niti.gov.in/planningcommission.gov.in/docs/plans/mta/11th_mta/chapterwise/Comp_mta11th.pdf</a> |
| 942 ## - ADDED ENTRY ELEMENTS (KOHA) | |
| Source of classification or shelving scheme | Dewey Decimal Classification |
| Koha item type | BOOKs |
| Withdrawn status | Lost status | Damaged status | Not for loan | Home library | Current library | Shelving location | Date acquired | Cost, normal purchase price | Total Checkouts | Full call number | Barcode | Date last seen | Price effective from | Koha item type |
|---|---|---|---|---|---|---|---|---|---|---|---|---|---|---|
| NLS | NLS | NAB Compactor | 30/05/2017 | 895.00 | 338.9 MID | 26940 | 30/05/2017 | 30/05/2017 | BOOKs |